000
00308nam a2200121Ia 4500
008
220204s9999 xx 000 0 und d
082
_a
051
_b
BAT
100
_a
Batschelet, E
245
0
_a
Introduction to mathematics for life scientists
250
_a
Ed.2
260
_a
Delhi
_b
Narosa pub
_c
1971
942
_c
BK
999
_c
27633
_d
27633